ՄԱՅՐ ԱԹՈՌ ՍՈՒՐԲ ԷՋՄԻԱԾԻՆ

«ՎԱՉԵ ԵՎ ԹԱՄԱՐ ՄԱՆՈՒԿՅԱՆ» ՄԱՏԵՆԱԴԱՐԱՆ

Армянская эпиграфика Грузии : (Record no. 57859)

MARC details
000 -LEADER
fixed length control field 01480nam a22002537a 4500
003 - CONTROL NUMBER IDENTIFIER
control field SEM
005 - DATE AND TIME OF LATEST TRANSACTION
control field 20230803160336.0
008 - FIXED-LENGTH DATA ELEMENTS--GENERAL INFORMATION
fixed length control field 230803b1988 ru ||||gr||||||01|0 rus|d
040 ## - CATALOGING SOURCE
Original cataloging agency SEM
Transcribing agency SEM
041 ## - LANGUAGE CODE
Language code of text/sound track or separate title rus
080 ## - UNIVERSAL DECIMAL CLASSIFICATION NUMBER
Universal Decimal Classification number 930.27(47.925)/М-91
100 ## - MAIN ENTRY--PERSONAL NAME
Personal name Мурадян, Паруйр Мамбреевич
245 ## - TITLE STATEMENT
Title Армянская эпиграфика Грузии :
Remainder of title Тбилиси /
Statement of responsibility, etc. П. Мурадян; Ред.: М. Асратян; Главное управление по охране и использованию памятников истории и культуры при совете Министров Армянской ССР; АН АССР, Институт востоковедения
246 ## - VARYING FORM OF TITLE
Title proper/short title Վրաստանի հայերեն արձանագրությունները ։
Remainder of title Թբիլիսի /
260 ## - PUBLICATION, DISTRIBUTION, ETC.
Place of publication, distribution, etc. Ереван :
Name of publisher, distributor, etc. изд. АН ССР,
Date of publication, distribution, etc. 1988.
300 ## - PHYSICAL DESCRIPTION
Extent 137 с. ;
Other physical details XVI табл.;
Dimensions 25 см
504 ## - BIBLIOGRAPHY, ETC. NOTE
Bibliography, etc. note Библ.: с. 121-126<br/>Указ.: с. 127-136
650 ## - SUBJECT ADDED ENTRY--TOPICAL TERM
Topical term or geographic name entry element Армянская эпиграфика
653 ## - INDEX TERM--UNCONTROLLED
Uncontrolled term ՍԷՄ
700 ## - ADDED ENTRY--PERSONAL NAME
Personal name Асратян М. М.
Relationship ред.
710 ## - ADDED ENTRY--CORPORATE NAME
Corporate name or jurisdiction name as entry element Главное управление по охране и использованию памятников истории и культуры при совете Министров Армянской ССР
710 ## - ADDED ENTRY--CORPORATE NAME
Corporate name or jurisdiction name as entry element Академия наук Армянской ССР,
Subordinate unit Институт востоковедения
942 ## - ADDED ENTRY ELEMENTS (KOHA)
Source of classification or shelving scheme Universal Decimal Classification
Koha item type Գրքեր/Books
Holdings
Withdrawn status Lost status Source of classification or shelving scheme Damaged status Not for loan Collection code Home library Current library Date acquired Cost, normal purchase price Inventory number Total Checkouts Full call number Barcode Date last seen Price effective from Koha item type Public note
    Universal Decimal Classification     Գրապահոց Մայր Աթոռ Սուրբ Էջմիածին «Վաչե և Թամար Մանուկյան» Մատենադարան Մայր Աթոռ Սուրբ Էջմիածին «Վաչե և Թամար Մանուկյան» Մատենադարան 03/08/2023 1000.00 Рус-431   930.27(47.925)/М-91 Рус-431 03/08/2023 03/08/2023 Գրքեր/Books Սպասարկվում է ընթերցասրահ
    Universal Decimal Classification     Գրապահոց Մայր Աթոռ Սուրբ Էջմիածին «Վաչե և Թամար Մանուկյան» Մատենադարան Մայր Աթոռ Սուրբ Էջմիածին «Վաչե և Թամար Մանուկյան» Մատենադարան 03/08/2023 1000.00 Рус-518   930.27(47.925)/М-91 Рус-518 03/08/2023 03/08/2023 Գրքեր/Books Սպասարկվում է 30 օր
    Universal Decimal Classification     Գրապահոց Մայր Աթոռ Սուրբ Էջմիածին «Վաչե և Թամար Մանուկյան» Մատենադարան Մայր Աթոռ Սուրբ Էջմիածին «Վաչե և Թամար Մանուկյան» Մատենադարան 03/08/2023 1000.00 Հովհ-234   930.27(47.925)/М-91 Հովհ-234 03/08/2023 03/08/2023 Գրքեր/Books Սպասարկվում է 30 օր